00588nam a2200169Ia 4500008004100000020002200041100002900063245007900092260004100171300005200212650002800264650005900292650004000351003000100391005001700392040000900409  a8122402801 (pbk.)1 aMurty, C. Satyanarayana.10aDesign of minor irrigation and canal structures /cC. Satyanarayana Murty. aNew Delhi :bWiley Eastern.,cc1990. axv, 296 p., [2] folded leaves :bill. ;c24 cm. 0aIrrigation engineering. 0aIrrigation canals and flumesxDesign and construction. 0aIrrigationxEquipment and supplies.20230123133650.0 cNUST